Vývoj ekonomickej aktivity obyvateľstva v okrese Čadca v rokoch 1961-1980 záverečná práca postgraduálneho štúdia

Na minha lista:
Detalhes bibliográficos
Autor principal: Viskupičová, Ľudmila
Autor Corporativo: Vysoká škola ekonomická v Bratislave
Outros Autores: Kontšeková, Oľga
Formato: Livro
Idioma:eslovaco
Publicado em: Bratislava 1987
Tags: Adicionar Tag
Sem tags, seja o primeiro a adicionar uma tag!

MARC

LEADER 00000nam a2200000 4500
001 c024408
005 20260108080136.9
041 0 |a slo 
044 |a SK 
245 1 0 |a Vývoj ekonomickej aktivity obyvateľstva v okrese Čadca v rokoch 1961-1980  |b záverečná práca postgraduálneho štúdia  |c Ľudmila Viskupičová ; Ved. práce Oľga Kontšeková 
264 1 |a Bratislava  |c 1987 
300 |a 61 s. 
100 1 |a Viskupičová, Ľudmila 
700 1 |a Kontšeková, Oľga 
710 2 |a Vysoká škola ekonomická v Bratislave